000 00386nam a2200145Ia 4500
008 240624s9999 xx 000 0 und d
041 _aeng
082 _a413 OXF
100 _aOXFORD UNIVERSITY PRESS
245 _aOXFORD THESAURUS OF ENGLISH
250 _a(2nd ed.)
260 _c2006
_aNew Delhi
_bOxford University press
300 _axii, : 1059 : p. : cm. ; 27
365 _cRS
_b30
999 _c11345
_d11345